All of the Girls You Loved Before - Taylor Swift Lyrics - Statistics

General Stats
  • This quiz has been taken 15 times
  • The average score is 231 of 304
Answer Stats
Answer % Correct
a
100%
all
100%
before
100%
for
100%
girls
100%
I
100%
love
100%
loved
100%
made
100%
of
100%
on
100%
one
100%
the
100%
you
100%
and
92%
in
92%
me
92%
no
92%
now
92%
to
92%
When
92%
when
92%
your
92%
you're
92%
every
85%
fallen
85%
good
85%
is
85%
more
85%
so
85%
that
85%
but
77%
can
77%
dead
77%
feels
77%
goodbye
77%
how
77%
I'm
77%
I've
77%
knew
77%
need
77%
nights
77%
straight
77%
street
77%
think
77%
wanna
77%
brought
69%
end
69%
forever
69%
here
69%
led
69%
not
69%
teach
69%
teenage
69%
up
69%
baby
62%
kind
62%
late
62%
like
62%
loyal
62%
mother
62%
out
62%
taught
62%
thankful
62%
there's
62%
fights
54%
heart
54%
over
54%
say
54%
some
54%
woman
54%
call
46%
it's
46%
just
46%
lame
46%
mine
46%
name
46%
phone
46%
remember
46%
time
46%
town
46%
whose
46%
wild
46%
alone
38%
around
38%
drawn
38%
home
38%
lady
38%
one's
38%
secret
38%
sixteen
38%
someone
38%
they
38%
treat
38%
way
38%
why
38%
are
31%
crying
31%
everything
31%
hands
31%
handwriting
31%
jokes
31%
killing
31%
lines
31%
parallel
31%
someone's
31%
aligned
23%
bathroom
23%
cannot
23%
dude
23%
fake
23%
holding
23%
intertwined
23%
into
23%
know
23%
makeup
23%
past
23%
sneaking
23%
stars
23%
with
23%
amazing
15%
feeling
15%
morning
15%
Wake
15%
without
15%
breaking
8%
making
8%
saying
8%
we're
8%
leave
0%
No matching quizzes found
Score Distribution
Percent of People with Each Score
Percentile by Number Answered
Your Score History
You have not taken this quiz